[Event "Golden Sands op-A"]
[Site "Golden Sands"]
[Date "2015.06.12"]
[Round "5"]
[White "Mammadov, Zaur Fazahir Oglu"]
[Black "Virovlansky, Semen"]
[Result "1-0"]
[WhiteElo "2500"]
[BlackElo "2425"]
[PlyCount "83"]
[EventDate "2015.06.08"]
[EventType "swiss"]
[EventRounds "9"]
[EventCountry "BUL"]
[SourceTitle "CBM 167 Extra"]
[Source "ChessBase"]
[SourceDate "2015.09.14"]
[SourceVersion "1"]
[SourceVersionDate "2015.09.14"]
[SourceQuality "1"]

1. e4 c5 2. c3 e5 3. Nf3 Nc6 4. Bc4 Qc7 5. 0-0 Be7 6. a4 d6 7. d3 Nf6 8. Na3 0-0 9. Bg5 Ne8 10. Bd2 Be6 11. Nc2 Qd7 12. Ne3 Nc7 13. b4 cxb4 14. cxb4 Bf6 15. b5 Nd4 16. Nxd4 exd4 17. Bxe6 fxe6 18. Nc4 d5 19. exd5 Nxd5 20. Qg4 Rfe8 21. Rfe1 Nc3 22. Bf4 Rad8 23. Qg3 Nd5 24. h3 Rf8 25. Bd6 Be7 26. Be5 Bb4 27. Reb1 Bc3 28. Ra2 Rf5 29. Re2 Nb6 30. Re4 g6 31. Nxb6 axb6 32. Bc7 Ra8 33. Bxb6 Rxa4 34. Qb8+ Kg7 35. Bc7 Rf8 36. Qxb7 Kg8 37. Re2 Rfa8 38. b6 Ra1 39. Rxa1 Rxa1+ 40. Kh2 Bb4 41. Qb8+ Kf7 42. Be5 1-0

[Event "Golden Sands op-A"]
[Site "Golden Sands"]
[Date "2015.06.08"]
[Round "1"]
[White "Mezentsev, Ivan"]
[Black "Virovlansky, Semen"]
[Result "1/2-1/2"]
[WhiteElo "2220"]
[BlackElo "2425"]
[PlyCount "92"]
[EventDate "2015.06.08"]
[EventType "swiss"]
[EventRounds "9"]
[EventCountry "BUL"]
[SourceTitle "CBM 167 Extra"]
[Source "ChessBase"]
[SourceDate "2015.09.14"]
[SourceVersion "1"]
[SourceVersionDate "2015.09.14"]
[SourceQuality "1"]

1. d4 Nf6 2. Nf3 e6 3. g3 b5 4. Bg2 Bb7 5. 0-0 c5 6. c3 Be7 7. Na3 a6 8. Nc2 0-0 9. a4 bxa4 10. Rxa4 d5 11. dxc5 Ne4 12. Be3 Nd7 13. Ra2 Ndxc5 14. Ne5 Qc7 15. Nd3 Rfd8 16. f3 Nf6 17. Nxc5 Bxc5 18. Bxc5 Qxc5+ 19. Qd4 Qb5 20. Qd3 Qb6+ 21. Kh1 Nd7 22. Qd4 Qc7 23. Ne3 a5 24. f4 Nc5 25. Ng4 Nb3 26. Qf2 d4 27. cxd4 Rxd4 28. Ra3 Rb4 29. Qe3 Rb8 30. Ne5 Bxg2+ 31. Kxg2 Qc2 32. Nd3 R4b5 33. Rf2 g6 34. h3 Qc4 35. Kh2 Qd5 36. Ra4 Rc8 37. Re4 Qb7 38. Re5 Qb6 39. Qe4 Nd2 40. Rxb5 Qxb5 41. Qe3 Nc4 42. Qd4 Nb6 43. e4 Qc6 44. f5 exf5 45. exf5 Qc4 46. Qxb6 Qxd3 1/2-1/2

[Event "Nizhnij Novgorod Dubinin Memorial 22nd"]
[Site "Nizhnij Novgorod"]
[Date "2015.??.??"]
[Round "2"]
[White "Virovlansky, Semen"]
[Black "Bodyagin, Anton"]
[Result "1-0"]
[WhiteElo "2419"]
[BlackElo "1942"]
[PlyCount "69"]
[EventDate "2015.01.03"]
[EventType "swiss"]
[EventRounds "9"]
[EventCountry "RUS"]
[SourceTitle "CBM 164 Extra"]
[Source "ChessBase"]
[SourceDate "2015.03.02"]
[SourceVersion "1"]
[SourceVersionDate "2015.03.02"]
[SourceQuality "1"]

1. d4 Nf6 2. Bg5 d5 3. Bxf6 exf6 4. e3 Bd6 5. g3 0-0 6. Bg2 c6 7. Ne2 Be6 8. 0-0 f5 9. Nd2 Nd7 10. b3 Nf6 11. c4 Ne4 12. c5 Be7 13. Nf3 b5 14. b4 Qc7 15. a4 Rfb8 16. Qc2 a5 17. axb5 Rxb5 18. bxa5 Raxa5 19. Nf4 g6 20. Rxa5 Qxa5 21. Ne5 Qa6 22. Bxe4 fxe4 23. Nxe6 fxe6 24. Qe2 Bf6 25. Nd7 Bg7 26. Qg4 Qc8 27. Qxe6+ Kh8 28. Qd6 Rb7 29. Nb6 Qc7 30. Qxc7 Rxc7 31. Ra1 Bf6 32. Ra8+ Kg7 33. Rc8 Rxc8 34. Nxc8 Kf7 35. Na7 1-0

[Event "Nizhnij Novgorod Dubinin Memorial 22nd"]
[Site "Nizhnij Novgorod"]
[Date "2015.??.??"]
[Round "4"]
[White "Virovlansky, Semen"]
[Black "Kluev, Vladimir"]
[Result "1-0"]
[WhiteElo "2419"]
[BlackElo "2081"]
[PlyCount "55"]
[EventDate "2015.01.03"]
[EventType "swiss"]
[EventRounds "9"]
[EventCountry "RUS"]
[SourceTitle "CBM 164 Extra"]
[Source "ChessBase"]
[SourceDate "2015.03.02"]
[SourceVersion "1"]
[SourceVersionDate "2015.03.02"]
[SourceQuality "1"]

1. d4 e6 2. c4 c5 3. d5 exd5 4. cxd5 f5 5. Nc3 Nf6 6. Nf3 d6 7. Bf4 Na6 8. e3 Nc7 9. Bc4 a6 10. a4 b6 11. Rb1 Be7 12. h3 0-0 13. 0-0 Bd7 14. b4 Rb8 15. bxc5 bxc5 16. Rxb8 Qxb8 17. Qd3 Qe8 18. Rb1 Ne4 19. Rb7 Bf6 20. Rxc7 Bxc3 21. Bxd6 Ba5 22. Bxf8 Bxc7 23. d6+ Kxf8 24. dxc7 Qc8 25. Qd5 Ke7 26. Qe5+ Kf8 27. Nd2 Nxd2 28. Qd6+ 1-0

[Event "Golden Sands Europe op 2nd"]
[Site "Golden Sands"]
[Date "2013.06.16"]
[Round "7"]
[White "Dragomirescu, Arsene"]
[Black "Virovlansky, Semen"]
[Result "1-0"]
[WhiteElo "2221"]
[BlackElo "2432"]
[PlyCount "113"]
[EventDate "2013.06.10"]
[EventType "swiss"]
[EventRounds "9"]
[EventCountry "BUL"]
[SourceTitle "CBM 154 Extra"]
[Source "ChessBase"]
[SourceDate "2013.06.25"]
[SourceVersion "2"]
[SourceVersionDate "2013.06.25"]
[SourceQuality "1"]

1. Nf3 c5 2. b3 d5 3. Bb2 Nf6 4. e3 e6 5. Be2 Nc6 6. 0-0 Bd6 7. d4 cxd4 8. Nxd4 e5 9. Nb5 Be7 10. c4 0-0 11. cxd5 Nxd5 12. N1c3 Nxc3 13. Nxc3 Be6 14. Qxd8 Rfxd8 15. Rfd1 f6 16. Kf1 Rac8 17. Rxd8+ Rxd8 18. Rd1 Rc8 19. Bf3 f5 20. Bd5 Kf7 21. Ke2 g6 22. f3 a6 23. Rc1 b5 24. Bxe6+ Kxe6 25. Nd1 Bg5 26. Nf2 Nd4+ 27. Kd3 Rxc1 28. Bxc1 Nc6 29. Bd2 Be7 30. e4 h5 31. Nd1 f4 32. Kc2 Bc5 33. Nb2 g5 34. Nd3 Bd6 35. h3 Kf6 36. Kd1 g4 37. hxg4 hxg4 38. Bc3 Kg5 39. Ke2 g3 40. Ke1 Kg6 41. Ke2 Kf7 42. Ke1 Ke6 43. Ke2 Be7 44. Kd1 a5 45. Ke2 Kd6 46. Kd1 Bd8 47. Ke2 Bb6 48. Kd1 Bd4 49. Bd2 Kc7 50. Kc2 Kb6 51. Bc1 Nd8 52. Ba3 b4 53. Bc1 Ne6 54. Kd1 Kc6 55. a3 bxa3 56. Bxa3 Kd7 57. Ke2 1-0

[Event "Nizhnij Novgorod Region-ch"]
[Site "Nizhnij Novgorod"]
[Date "2013.??.??"]
[Round "4"]
[White "Volkov, Dmitry V"]
[Black "Virovlansky, Semen"]
[Result "0-1"]
[WhiteElo "2180"]
[BlackElo "2421"]
[PlyCount "70"]
[EventDate "2013.10.19"]
[EventType "swiss"]
[EventRounds "9"]
[EventCountry "RUS"]
[SourceTitle "EXT 2014"]
[Source "ChessBase"]
[SourceDate "2013.11.20"]
[SourceVersion "1"]
[SourceVersionDate "2013.11.20"]
[SourceQuality "1"]

1. e4 c5 2. Nf3 e6 3. d4 cxd4 4. c3 Nf6 5. e5 Nd5 6. cxd4 d6 7. Bc4 Nc6 8. 0-0 Be7 9. Bxd5 exd5 10. Nc3 Be6 11. Bf4 dxe5 12. Nxe5 Rc8 13. Rc1 0-0 14. Nxc6 Rxc6 15. Na4 Rxc1 16. Qxc1 Qa5 17. b3 Rc8 18. Qb2 Qb4 19. Be3 Bf6 20. h3 h6 21. a3 Qb5 22. Rc1 Rxc1+ 23. Bxc1 Qd3 24. Be3 b6 25. Qc3 Qd1+ 26. Kh2 Be7 27. Bf4 Bxa3 28. Qg3 Kh7 29. Bb8 a6 30. Nxb6 Bb2 31. Be5 f6 32. Bd6 Bxd4 33. Na4 Qc2 34. Bf8 g5 35. f4 Qd1 0-1

[Event "Nizhnij Novgorod op"]
[Site "Nizhnij Novgorod"]
[Date "2012.10.12"]
[Round "7"]
[White "Virovlansky, Semen"]
[Black "Gorozhanin, Mikhail"]
[Result "1-0"]
[WhiteElo "2450"]
[BlackElo "2252"]
[PlyCount "95"]
[EventDate "2012.10.06"]
[EventType "swiss"]
[EventRounds "9"]
[EventCountry "RUS"]
[SourceTitle "EXT 2013"]
[Source "ChessBase"]
[SourceDate "2012.11.22"]
[SourceVersion "1"]
[SourceVersionDate "2012.11.22"]
[SourceQuality "1"]

1. d4 d5 2. c4 c6 3. Nf3 Nf6 4. e3 Bf5 5. Nc3 e6 6. Nh4 Bg4 7. Qb3 Qb6 8. h3 Bh5 9. g4 Bg6 10. Nxg6 hxg6 11. Bg2 Nbd7 12. g5 Ng8 13. e4 dxe4 14. Nxe4 Qxb3 15. axb3 f5 16. Nc3 Bb4 17. 0-0 Ne7 18. d5 exd5 19. cxd5 Bxc3 20. dxc6 Bb4 21. cxd7+ Kxd7 22. Bxb7 Rab8 23. Bg2 Bc5 24. Rd1+ Ke6 25. Re1+ Kf7 26. Be3 Bb4 27. Re2 a5 28. Bd2 Bxd2 29. Rxd2 Rxb3 30. Rd7 Rxb2 31. Bd5+ Ke8 32. Ra7 Nxd5 33. Ra8+ Kf7 34. Rxh8 Rb5 35. Ra8 Nf4 36. h4 Rb2 37. Ra3 Ne2+ 38. Kh2 Rb4 39. Ra7+ Kg8 40. Re3 Rxh4+ 41. Kg2 Nf4+ 42. Kf3 Kf8 43. Ree7 Nh5 44. Rf7+ Kg8 45. Rfc7 Rf4+ 46. Kg2 Rg4+ 47. Kf1 Kh7 48. Rc8 1-0

[Event "Samara Polugaevsky Memorial 2nd"]
[Site "Samara"]
[Date "2012.07.10"]
[Round "6"]
[White "Sviridova, Vlada"]
[Black "Virovlansky, Semen"]
[Result "1/2-1/2"]
[WhiteElo "2115"]
[BlackElo "2471"]
[PlyCount "96"]
[EventDate "2012.07.05"]
[EventType "swiss"]
[EventRounds "9"]
[EventCountry "RUS"]
[SourceTitle "CBM 149 Extra"]
[Source "ChessBase"]
[SourceDate "2012.08.24"]
[SourceVersion "1"]
[SourceVersionDate "2012.08.24"]
[SourceQuality "1"]

1. d4 Nf6 2. c4 e6 3. Nf3 b6 4. g3 Ba6 5. b3 b5 6. cxb5 Bxb5 7. Bg2 d5 8. 0-0 Nbd7 9. Nc3 Ba6 10. Na4 Bd6 11. Bb2 c5 12. dxc5 Bxc5 13. Nxc5 Nxc5 14. b4 Ncd7 15. a4 0-0 16. b5 Bb7 17. Ba3 Re8 18. Nd4 Rc8 19. Nb3 a6 20. Rc1 Rxc1 21. Bxc1 axb5 22. axb5 Qb6 23. Qd3 e5 24. e3 Ra8 25. Bb2 Ra4 26. Bc3 Ra3 27. Bb4 Ra4 28. Bc3 d4 29. Bxb7 Qxb7 30. exd4 Qd5 31. Rd1 e4 32. Qc2 h5 33. Ra1 Rc4 34. Na5 Rc7 35. Qb2 e3 36. fxe3 Qf3 37. Re1 Ne4 38. Nc6 Rb7 39. Bb4 Ng5 40. Qg2 h4 41. Kh1 hxg3 42. Qxf3 Nxf3 43. Rf1 Nxh2 44. Rf4 Rxb5 45. Ne7+ Kf8 46. Nd5+ Kg8 47. Ne7+ Kf8 48. Nc6+ Kg8 1/2-1/2

[Event "Samara Polugaevsky Memorial 2nd"]
[Site "Samara"]
[Date "2012.07.06"]
[Round "2"]
[White "Klyuev, Alexander S"]
[Black "Virovlansky, Semen"]
[Result "1/2-1/2"]
[WhiteElo "2191"]
[BlackElo "2471"]
[PlyCount "82"]
[EventDate "2012.07.05"]
[EventType "swiss"]
[EventRounds "9"]
[EventCountry "RUS"]
[SourceTitle "CBM 149 Extra"]
[Source "ChessBase"]
[SourceDate "2012.08.24"]
[SourceVersion "1"]
[SourceVersionDate "2012.08.24"]
[SourceQuality "1"]

1. c4 e5 2. Nc3 Bb4 3. g3 Bxc3 4. dxc3 Nc6 5. Bg2 d6 6. Nf3 Nge7 7. 0-0 Be6 8. b3 h6 9. Ne1 Qd7 10. Nd3 Bh3 11. e4 Bxg2 12. Kxg2 0-0 13. Be3 f5 14. f3 Rf7 15. Qe2 Raf8 16. Bd2 fxe4 17. fxe4 b6 18. Rxf7 Rxf7 19. Rf1 Rxf1 20. Qxf1 a5 21. a4 Qe6 22. Qf3 Qg6 23. Nf2 Nd8 24. Be3 Ne6 25. Qg4 Qxg4 26. Nxg4 Kf7 27. Nf2 Ng8 28. Kf3 Nf6 29. Nd3 g5 30. Nf2 h5 31. h3 Kg6 32. h4 Nd7 33. Nd3 Nf6 34. Nf2 Nh7 35. Nd3 Kf6 36. b4 gxh4 37. gxh4 Nhf8 38. c5 dxc5 39. bxa5 bxa5 40. Bxc5 Ng6 41. Bf2 Nd8 1/2-1/2

[Event "Golden Sands Europe op 1st"]
[Site "Golden Sands"]
[Date "2012.06.10"]
[Round "7"]
[White "Virovlansky, Semen"]
[Black "Carlsson, Pontus"]
[Result "1-0"]
[WhiteElo "2445"]
[BlackElo "2531"]
[PlyCount "87"]
[EventDate "2012.06.04"]
[EventType "swiss"]
[EventRounds "9"]
[EventCountry "BUL"]
[SourceTitle "CBM 148 Extra"]
[Source "ChessBase"]
[SourceDate "2012.06.22"]
[SourceVersion "1"]
[SourceVersionDate "2012.06.22"]
[SourceQuality "1"]

1. Nf3 Nf6 2. c4 c5 3. Nc3 e6 4. g3 b6 5. Bg2 Bb7 6. 0-0 a6 7. d4 cxd4 8. Qxd4 d6 9. b3 Nbd7 10. Rd1 Be7 11. e4 Qc7 12. Ba3 Nc5 13. e5 dxe5 14. Qxe5 Rc8 15. Qxc7 Rxc7 16. Bc1 Ncd7 17. Bf4 Rc8 18. Ne5 Bxg2 19. Kxg2 b5 20. Nxd7 Nxd7 21. Ne4 Nf6 22. Nd6+ Bxd6 23. Bxd6 bxc4 24. bxc4 Ne4 25. Ba3 Nc5 26. Rd4 0-0 27. Re1 Rfe8 28. Re5 Na4 29. Ra5 e5 30. Rd6 Nc3 31. Rdxa6 Nxa2 32. Bd6 Nc1 33. c5 Nb3 34. Rb5 Nd4 35. Rb7 Nf5 36. Raa7 Nxd6 37. cxd6 Rf8 38. Re7 Rcd8 39. d7 f6 40. Kf3 Rb8 41. Rxg7+ Kh8 42. Rxh7+ Kg8 43. Re7 Rfd8 44. Ra6 1-0

[Event "Golden Sands Europe op 1st"]
[Site "Golden Sands"]
[Date "2012.06.09"]
[Round "6"]
[White "Tikkanen, Hans"]
[Black "Virovlansky, Semen"]
[Result "1-0"]
[WhiteElo "2566"]
[BlackElo "2445"]
[PlyCount "189"]
[EventDate "2012.06.04"]
[EventType "swiss"]
[EventRounds "9"]
[EventCountry "BUL"]
[SourceTitle "CBM 148 Extra"]
[Source "ChessBase"]
[SourceDate "2012.06.22"]
[SourceVersion "1"]
[SourceVersionDate "2012.06.22"]
[SourceQuality "1"]

1. c4 Nf6 2. g3 c6 3. Nf3 d5 4. Bg2 g6 5. 0-0 Bg7 6. b3 Ne4 7. d4 0-0 8. Bb2 Be6 9. Ne5 Nd7 10. Nd3 Nd6 11. Nf4 dxc4 12. Nxe6 fxe6 13. Nd2 c3 14. Bxc3 Nb5 15. Bb2 Nxd4 16. Ne4 Nf3+ 17. exf3 Bxb2 18. Rb1 Bg7 19. Bh3 Ne5 20. f4 Qxd1 21. Rfxd1 Nf3+ 22. Kg2 Nd4 23. Nc5 b6 24. Nxe6 Nxe6 25. Bxe6+ Kh8 26. Rd7 Bf6 27. Rbd1 a5 28. Rb7 Rab8 29. Rdd7 Kg7 30. Kf3 b5 31. Rxb8 Rxb8 32. Rc7 Rd8 33. Bd7 b4 34. Ke4 Kf7 35. f5 c5 36. f4 g5 37. Be6+ Kg7 38. fxg5 Bxg5 39. Rxc5 Ra8 40. Bd5 Ra6 41. h4 Bf6 42. Rb5 h6 43. Bb7 Ra7 44. Kd5 Bc3 45. Ke6 Bf6 46. Kd7 h5 47. Ke6 Kf8 48. Bf3 Rc7 49. Kd5 Kg7 50. Rxa5 Rc1 51. Ke4 Kh6 52. Kf4 Re1 53. Ra6 Rf1 54. Rb6 Re1 55. Be4 Rf1+ 56. Ke3 Rg1 57. Kf2 Ra1 58. Ra6 Rd1 59. Bf3 Rd2+ 60. Ke3 Rc2 61. Be4 Rc1 62. Bd3 Kg7 63. Rb6 Rg1 64. Kf3 Ra1 65. Rxb4 Rxa2 66. Rb8 Ra1 67. Bc4 Rc1 68. Rg8+ Kh7 69. Rg6 Re1 70. Bg8+ Kh8 71. Bf7 Kh7 72. Bg8+ Kh8 73. Bd5 Kh7 74. Be4 Rc1 75. Ke2 Rc3 76. Bd5 Rc5 77. Bg8+ Kh8 78. Be6 Kh7 79. Kd3 Re5 80. Rg5 Bxg5 81. hxg5 Re1 82. b4 Rg1 83. b5 Rxg3+ 84. Kc2 Rg2+ 85. Kc3 Rg3+ 86. Kb4 Rg4+ 87. Bc4 h4 88. b6 Rd4 89. b7 Rd8 90. Bd3 Kg7 91. Kc5 h3 92. Kc6 h2 93. Be4 Rd4 94. b8Q Rxe4 95. Qxh2 1-0

[Event "Nizhnij Novgorod Dubinin Memorial 19th"]
[Site "Nizhnij Novgorod"]
[Date "2012.01.??"]
[Round "1"]
[White "Karasev, Georgy"]
[Black "Virovlansky, Semen"]
[Result "0-1"]
[WhiteElo "1813"]
[BlackElo "2450"]
[PlyCount "40"]
[EventDate "2012.01.??"]
[EventType "swiss"]
[EventRounds "9"]
[EventCountry "RUS"]
[SourceTitle "EXT 2015"]
[Source "ChessBase"]
[SourceDate "2014.11.20"]
[SourceVersion "1"]
[SourceVersionDate "2014.11.20"]
[SourceQuality "1"]

1. e4 c5 2. b3 Nc6 3. Bb2 e5 4. Nf3 d6 5. Be2 Nf6 6. d3 Be7 7. 0-0 0-0 8. h3 h6 9. Nc3 Be6 10. Nh2 d5 11. exd5 Nxd5 12. Nxd5 Bxd5 13. Bf3 Re8 14. Bxd5 Qxd5 15. Qf3 Qxf3 16. Nxf3 f6 17. Rfe1 Nd4 18. Rac1 Nxf3+ 19. gxf3 Kf7 20. Kf1 b5 0-1

[Event "Nizhnij Novgorod Dubinin Memorial 19th"]
[Site "Nizhnij Novgorod"]
[Date "2012.01.??"]
[Round "4"]
[White "Virovlansky, Semen"]
[Black "Belitzky, Dmitri G"]
[Result "1-0"]
[WhiteElo "2450"]
[BlackElo "1998"]
[PlyCount "39"]
[EventDate "2012.01.??"]
[EventType "swiss"]
[EventRounds "9"]
[EventCountry "RUS"]
[SourceTitle "EXT 2015"]
[Source "ChessBase"]
[SourceDate "2014.11.20"]
[SourceVersion "1"]
[SourceVersionDate "2014.11.20"]
[SourceQuality "1"]

1. d4 Nf6 2. c4 e6 3. g3 Bb4+ 4. Nd2 Ne4 5. Bg2 Bxd2+ 6. Bxd2 Nxd2 7. Qxd2 0-0 8. Nf3 d6 9. 0-0 Qe7 10. Qc3 Re8 11. b4 e5 12. dxe5 dxe5 13. c5 a6 14. Rfd1 Bd7 15. a4 f6 16. Nh4 Bc6 17. Nf5 Qf7 18. e4 Bd7 19. Bf1 Kh8 20. Bc4 1-0

[Event "Privolzhskogo FO-ch"]
[Site "Togliatti"]
[Date "2011.03.17"]
[Round "8"]
[White "Mokshanov, Alexey"]
[Black "Virovlansky, Semen"]
[Result "1-0"]
[WhiteElo "2347"]
[BlackElo "2449"]
[PlyCount "91"]
[EventDate "2011.03.10"]
[EventType "swiss"]
[EventRounds "9"]
[EventCountry "RUS"]
[SourceTitle "CBM 141 Extra"]
[Source "ChessBase"]
[SourceDate "2011.05.03"]
[SourceVersion "1"]
[SourceVersionDate "2011.05.03"]
[SourceQuality "1"]

1. e4 c6 2. d4 d5 3. Nc3 dxe4 4. Nxe4 Nd7 5. Bd3 Ngf6 6. Ng5 e6 7. N1f3 Bd6 8. Qe2 h6 9. Ne4 Nxe4 10. Qxe4 c5 11. 0-0 Qc7 12. Qg4 Kf8 13. c3 b6 14. Qh4 Bb7 15. Be4 Bxe4 16. Qxe4 Rd8 17. dxc5 Nxc5 18. Qe2 e5 19. Be3 Ne6 20. Rad1 g6 21. Bc1 Kg7 22. Rd5 f6 23. Rfd1 Be7 24. c4 Ng5 25. Nxg5 hxg5 26. b3 Rxd5 27. Rxd5 Rd8 28. Qd3 Rxd5 29. Qxd5 Qd8 30. Qxd8 Bxd8 31. f3 f5 32. Kf2 Kf6 33. Ke2 g4 34. fxg4 fxg4 35. Kd3 Kf5 36. b4 Bc7 37. g3 Bd6 38. a3 a5 39. c5 bxc5 40. bxa5 Bb8 41. Be3 Ke6 42. Kc4 Kd6 43. Bxc5+ Kc6 44. a6 Bc7 45. a7 Kb7 46. Kd5 1-0

[Event "Privolzhskogo FO-ch"]
[Site "Togliatti"]
[Date "2011.03.15"]
[Round "6"]
[White "Predke, Alexandr"]
[Black "Virovlansky, Semen"]
[Result "1-0"]
[WhiteElo "2434"]
[BlackElo "2449"]
[PlyCount "97"]
[EventDate "2011.03.10"]
[EventType "swiss"]
[EventRounds "9"]
[EventCountry "RUS"]
[SourceTitle "CBM 141 Extra"]
[Source "ChessBase"]
[SourceDate "2011.05.03"]
[SourceVersion "1"]
[SourceVersionDate "2011.05.03"]
[SourceQuality "1"]

1. e4 g6 2. d4 Bg7 3. Nc3 c6 4. Nf3 d6 5. Be3 Qc7 6. h3 Nd7 7. Qd2 e5 8. dxe5 dxe5 9. 0-0-0 Ngf6 10. Qd6 Qxd6 11. Rxd6 Ke7 12. Rd2 b5 13. Bd3 Bb7 14. Re2 a6 15. a4 Rhc8 16. Nd2 b4 17. Ncb1 c5 18. b3 a5 19. Rd1 Nb6 20. f3 Ba6 21. Bxa6 Rxa6 22. Nc4 Nxc4 23. bxc4 Nd7 24. Kb2 Rd6 25. Red2 Rxd2 26. Nxd2 Nb6 27. Kb3 Nd7 28. Nf1 Nf8 29. Rd5 Ne6 30. Nd2 Nf4 31. Rxc5 Rxc5 32. Bxc5+ Kd7 33. Bb6 Nxg2 34. c5 Nf4 35. Nc4 Nxh3 36. Nxa5 Ng5 37. c6+ Kc8 38. Nc4 Ne6 39. a5 Bf8 40. a6 Nc5+ 41. Bxc5 Bxc5 42. Nxe5 h5 43. Kc4 Ba7 44. Nxf7 h4 45. Ng5 Kc7 46. Kd5 Be3 47. e5 Kb6 48. Nh3 Kxa6 49. e6 1-0

[Event "Moscow op-E"]
[Site "Moscow"]
[Date "2011.02.02"]
[Round "5.42"]
[White "Virovlansky, Semen"]
[Black "Bronnikov, Konstantin"]
[Result "1-0"]
[WhiteElo "2449"]
[BlackElo "2265"]
[PlyCount "105"]
[EventDate "2011.01.29"]
[EventType "swiss"]
[EventRounds "9"]
[EventCountry "RUS"]
[SourceTitle "EXT 2022"]
[Source "ChessBase"]
[SourceDate "2021.10.06"]
[SourceVersion "1"]
[SourceVersionDate "2021.10.06"]
[SourceQuality "1"]

1. d4 Nf6 2. c4 d6 3. Nf3 Nbd7 4. Nc3 e5 5. g3 Be7 6. Bg2 0-0 7. 0-0 c6 8. e4 a6 9. a4 a5 10. Qc2 Re8 11. h3 exd4 12. Nxd4 Nc5 13. Rd1 Qc7 14. Bf4 Bf8 15. Rd2 Nfd7 16. Be3 Na6 17. Na2 Ndc5 18. Re2 Qb6 19. Rd1 g6 20. b3 Bg7 21. Nc1 Nb4 22. Qb1 Qc7 23. f4 Bd7 24. Bf2 Rad8 25. Nc2 Nca6 26. Nxb4 Nxb4 27. Nd3 f5 28. Nxb4 axb4 29. Qd3 fxe4 30. Rxe4 Rxe4 31. Qxe4 Bf5 32. Qe2 Qf7 33. Bd4 Bxd4+ 34. Rxd4 Qf6 35. Rd1 Rd7 36. g4 Re7 37. Qd2 Be4 38. Qxd6 Qxd6 39. Rxd6 Bc2 40. a5 Bxb3 41. a6 bxa6 42. Rxc6 a5 43. Bd5+ Kf8 44. f5 gxf5 45. gxf5 Bc2 46. f6 Re8 47. Rc7 Rd8 48. Rg7 Rxd5 49. cxd5 Bf5 50. d6 b3 51. d7 Bxd7 52. Rxd7 a4 53. Rb7 1-0

[Event "Moscow op-E"]
[Site "Moscow"]
[Date "2011.01.31"]
[Round "3.96"]
[White "Virovlansky, Semen"]
[Black "Gorshkov, Anatoly"]
[Result "1-0"]
[WhiteElo "2449"]
[BlackElo "2064"]
[PlyCount "127"]
[EventDate "2011.01.29"]
[EventType "swiss"]
[EventRounds "9"]
[EventCountry "RUS"]
[SourceTitle "EXT 2022"]
[Source "ChessBase"]
[SourceDate "2021.10.06"]
[SourceVersion "1"]
[SourceVersionDate "2021.10.06"]
[SourceQuality "1"]

1. d4 d5 2. c4 c6 3. Nf3 Bf5 4. Qb3 Bc8 5. Nc3 Nf6 6. Bg5 e6 7. e4 dxe4 8. Nxe4 Be7 9. Nc3 Nbd7 10. Rd1 Qb6 11. Qc2 Bb4 12. Be2 Qc7 13. 0-0 Bd6 14. Rfe1 0-0 15. Bd3 h6 16. Bh4 a6 17. c5 Be7 18. a3 Re8 19. h3 Qd8 20. Bg3 b5 21. cxb6 Nxb6 22. Ne5 Bb7 23. Ne4 Rc8 24. Nc5 Bxc5 25. dxc5 Nbd5 26. Nc4 Re7 27. Bd6 Rd7 28. Ne5 Rxd6 29. cxd6 Qxd6 30. Nc4 Qc7 31. Qe2 c5 32. Qe5 Bc6 33. Rc1 Qa7 34. Bf1 a5 35. Nd6 Rd8 36. b3 Qb6 37. Rb1 Nd7 38. Qh5 Rf8 39. Qh4 Qc7 40. Qg3 Rb8 41. Nc4 Qxg3 42. fxg3 Ra8 43. a4 Kf8 44. Rbc1 Ke7 45. Be2 Nb4 46. Red1 Bd5 47. Bd3 Ra6 48. Rd2 Bxc4 49. Bxc4 Rd6 50. Rxd6 Kxd6 51. Rf1 f5 52. g4 g6 53. gxf5 gxf5 54. Rd1+ Nd5 55. Kf2 N7f6 56. Bxd5 Nxd5 57. g4 Ke5 58. gxf5 exf5 59. Rc1 Kd6 60. h4 h5 61. Re1 Nb6 62. Re8 c4 63. bxc4 Nxc4 64. Rb8 1-0

[Event "Moscow op-E"]
[Site "Moscow"]
[Date "2011.01.30"]
[Round "2.55"]
[White "Dorfman, Vasily"]
[Black "Virovlansky, Semen"]
[Result "1-0"]
[WhiteElo "2160"]
[BlackElo "2449"]
[PlyCount "115"]
[EventDate "2011.01.29"]
[EventType "swiss"]
[EventRounds "9"]
[EventCountry "RUS"]
[SourceTitle "EXT 2022"]
[Source "ChessBase"]
[SourceDate "2021.10.06"]
[SourceVersion "1"]
[SourceVersionDate "2021.10.06"]
[SourceQuality "1"]

1. d4 Nf6 2. c4 e6 3. Nc3 Bb4 4. Qc2 c5 5. dxc5 0-0 6. a3 Bxc5 7. Nf3 b6 8. Bf4 Nh5 9. Bg5 Be7 10. h4 f5 11. 0-0-0 Bb7 12. e4 Na6 13. Be2 Nc5 14. exf5 exf5 15. Nd5 Nf6 16. Nxe7+ Qxe7 17. Nd4 Be4 18. Qc3 h6 19. f3 hxg5 20. hxg5 Ng4 21. fxe4 Qxg5+ 22. Kb1 Nxe4 23. Qb3 Ne3 24. c5+ Rf7 25. Bh5 g6 26. Bxg6 Qxg6 27. Qxe3 f4 28. Qd3 bxc5 29. Nf3 Re8 30. Ka1 Qf5 31. Rh6 Ng3 32. Qd6 Re6 33. Rxe6 dxe6 34. Ne5 Rf8 35. Qxc5 Ne4 36. Qd4 Nf6 37. Nc6 Qe4 38. Qxe4 Nxe4 39. Nxa7 Rf7 40. Nc6 Rg7 41. Rf1 Rg4 42. Ne5 Rxg2 43. Rxf4 Nc5 44. Rg4+ Rxg4 45. Nxg4 Kf7 46. b4 Nd3 47. Ka2 e5 48. Kb3 Ke6 49. Ne3 e4 50. Kc4 Ke5 51. b5 Nb2+ 52. Kc3 Na4+ 53. Kb4 Nb6 54. a4 Kd4 55. a5 Nd7 56. a6 Kxe3 57. a7 Nb6 58. Ka5 1-0

[Event "Nizhnij Novgorod Dubinin Memorial 18th"]
[Site "Nizhnij Novgorod"]
[Date "2011.01.03"]
[Round "?"]
[White "Pristalov, Evgeny"]
[Black "Virovlansky, Semen"]
[Result "1/2-1/2"]
[WhiteElo "2045"]
[BlackElo "2449"]
[PlyCount "36"]
[EventDate "2011.01.03"]
[EventType "swiss"]
[EventRounds "9"]
[EventCountry "RUS"]
[SourceTitle "EXT 2012"]
[Source "ChessBase"]
[SourceDate "2011.11.24"]
[SourceVersion "1"]
[SourceVersionDate "2011.11.24"]
[SourceQuality "1"]

1. e4 c5 2. Nf3 d6 3. c3 Nf6 4. Be2 g6 5. 0-0 Bg7 6. Bb5+ Nbd7 7. Re1 a6 8. Bf1 e5 9. d4 0-0 10. Bg5 h6 11. Bh4 Qc7 12. Qd2 g5 13. Bg3 Nh5 14. dxc5 dxc5 15. a4 Rd8 16. Na3 Nf8 17. Qc2 Bg4 18. Nc4 Ng6 1/2-1/2

[Event "Nizhnij Novgorod Region-ch"]
[Site "Nizhnij Novgorod"]
[Date "2007.10.??"]
[Round "?"]
[White "Anisimov, Aleksander"]
[Black "Virovlansky, Semen"]
[Result "1-0"]
[WhiteElo "2282"]
[BlackElo "2448"]
[PlyCount "87"]
[EventDate "2007.10.??"]
[EventType "swiss"]
[EventRounds "9"]
[EventCountry "RUS"]
[SourceTitle "EXT 2009"]
[Source "ChessBase"]
[SourceDate "2008.11.26"]
[SourceVersion "1"]
[SourceVersionDate "2008.11.26"]
[SourceQuality "1"]

1. e4 c5 2. c3 Nf6 3. e5 Nd5 4. d4 cxd4 5. Nf3 Nc6 6. Bc4 Nb6 7. Bb3 g6 8. cxd4 Bg7 9. 0-0 0-0 10. Nc3 d6 11. exd6 Qxd6 12. Be3 Bf5 13. h3 Rad8 14. Qd2 Bxd4 15. Nb5 Bxe3 16. Qxe3 Qf6 17. Rad1 Nc8 18. Nc3 Nb6 19. Qh6 Ne5 20. Ng5 Qg7 21. Qxg7+ Kxg7 22. Rxd8 Rxd8 23. f4 Nec4 24. g4 Bc8 25. Re1 h6 26. Nf3 e6 27. Nb5 a6 28. Nbd4 Nxb2 29. f5 exf5 30. gxf5 Bxf5 31. Nxf5+ gxf5 32. Nh4 f4 33. Nf5+ Kg6 34. Bc2 Rd2 35. Be4 N2c4 36. Nd6+ Kf6 37. Ne8+ Kg5 38. Bxb7 Rxa2 39. Re7 a5 40. Rxf7 Ne5 41. Rf8 Nbc4 42. Ng7 Kh4 43. Rxf4+ Kxh3 44. Bc8+ 1-0